Manual práctico sobre sumarios e investigaciones sumarias

Saved in:
Bibliographic Details
Main Author: Villar Bordones, Gonzalo (autor)
Format: Unknown
Language:English
Published: Santiago, Chile: Libromar, 2021
Edition:Primera edición
Subjects:
Tags: Add Tag
No Tags, Be the first to tag this record!

MARC

LEADER 00000 a2200000 4500
003 CL-VaPUC
005 20220517172214.0
008 220405b2021 ||||| |||| 00| 0 eng d
999 |c 435266  |d 435264 
020 |a 978-956-7890-96-5 
040 |c Pontificia Universidad Católica de Valparaíso 
082 0 4 |2 21  |a 342.068 VIL 2021  
100 1 |a Villar Bordones, Gonzalo  |9 331564  |e autor 
245 1 0 |a Manual práctico sobre sumarios e investigaciones sumarias 
250 |a Primera edición 
260 |a Santiago, Chile:  |b Libromar,  |c 2021 
300 |a 454 páginas 
583 |k Catalogador Asistente  |c 20220405 
650 1 |a Sumario administrativo  |x Derecho administrativo  |9 868815 
650 1 |a Sumario administrativo  |x Estatuto administrativo  |x Sanciones administrativas  |9 868818 
650 1 |a Sumario administrativo  |x Procedimiento administrativo  |x Jurisprudencia administrativa  |x Funcionarios  |9 868819 
942 |2 ddc  |c BK 
952 |0 0  |1 0  |2 ddc  |4 0  |6 342_068000000000000_VIL_2021  |7 0  |8 A  |9 582412  |a BIBDER  |b BIBDER  |c GEN  |d 2022-04-05  |e 22  |g 40999.07  |i 5650639  |l 7  |o 342.068 VIL 2021  |p 5650639  |q 2025-04-30  |r 2025-03-27  |s 2025-03-27  |t 1  |v 40999.07  |w 2022-04-05  |y BK  |k DER